LIBRARY ONLINE CATALOGUE

An Introduction to law / (Record no. 11547)

MARC details
000 -LEADER
fixed length control field 00604cam a22002172 4500
001 - CONTROL NUMBER
control field 0000024429
005 - DATE AND TIME OF LATEST TRANSACTION
control field 20151217154510.0
008 - FIXED-LENGTH DATA ELEMENTS--GENERAL INFORMATION
fixed length control field 130917s xx 000 0 eng d
020 ## - INTERNATIONAL STANDARD BOOK NUMBER
International Standard Book Number 0521697965 :
040 ## - CATALOGING SOURCE
Original cataloging agency KABU
Transcribing agency KABU
050 #0 - LIBRARY OF CONGRESS CALL NUMBER
Classification number KD661
Item number .H37 2007
100 1# - MAIN ENTRY--PERSONAL NAME
Personal name Harris, Phil.
-- 0000153324
245 13 - TITLE STATEMENT
Title An Introduction to law /
Statement of responsibility, etc. Phil Harris.
250 ## - EDITION STATEMENT
Edition statement 7th ed.
260 ## - PUBLICATION, DISTRIBUTION, ETC. (IMPRINT)
Place of publication, distribution, etc. Cambridge :
Name of publisher, distributor, etc. C. U. P.,
Date of publication, distribution, etc. 2007.
300 ## - PHYSICAL DESCRIPTION
Extent xxx, 496 p.
650 #0 - SUBJECT ADDED ENTRY--TOPICAL TERM
Topical term or geographic name as entry element Law
Geographic subdivision Great Britain.
-- 0000153325
852 1# - LOCATION
-- p2495 KES
908 ## - PUT COMMAND PARAMETER (RLIN)
Put command parameter 130917
950 ## - LOCAL HOLDINGS (RLIN)
-- 1
Holdings
Withdrawn status Lost status Source of classification or shelving scheme Not for loan Home library Current library Date acquired Total Checkouts Full call number Barcode Date last seen Date last checked out Copy number Price effective from Koha item type
    Library of Congress Classification   Kabarak, Main Campus Kabarak, Main Campus 17/12/2015 8 KD661 .H37 2007 c. 1 016163 31/10/2022 17/10/2022 c. 1 17/12/2015 General Collection
    Library of Congress Classification   Kabarak, Main Campus Kabarak, Main Campus 21/02/2019 6 KD661 .H37 2007 c. 2 022968 12/03/2024 23/02/2024 c. 2 21/02/2019 General Collection